00254nam a2200097Ia 4500082001100000245002800011100002700039942003000066008004100096999001900137 aAF LEE 0an Huwelik teen 'n prys  aLee, Miranda 9105087 cBKy296zPhillipina Naude210825s9999 xx 000 0 und d c531810d531809